000 01373nam0a2200349 4500
001 RU\NLR\bibl\161778
005 20260406010723.0
010 _a5-7442-0994-8
_9250
020 _aRU
_b97-28921
021 _aRU
_b97-28139
035 _a(NLR Aleph) 000158683
090 _a912319
_c912319
100 _a20010608d1997 |||y0rusy50 ca
101 0 _arus
102 _aRU
105 _ay |||||||||
200 1 _aСельское и промысловое хозяйство Северо-Востока России, 1929-1953 г.
_fИ.Д. Бацаев
_gРос. акад. наук. Дальневост. отд-ние. Сев.-Вост. центр, Сев.-Вост. комплекс. НИИ
210 _aМагадан
_cСВКНИИ
_d1997
215 _a138 с.
_d24
320 _aБиблиогр. в подстроч. прим.
606 0 _aСельское хозяйство
_xИстория
_yСССР
_yСеверо-Восток
_92489780
_3RU\NLR\auth\661477414
686 _aУ32(2)-03(2Р54)
686 _aУ32(2)-03(2Р55)
700 1 _4070
_7ca
_8rus
_aБацаев
_bИ. Д.
_gИгорь Денисович
_999106
_3RU\NLR\auth\77116181
801 0 _aRU
_bNLR
_c20010608
_gPSBO
801 1 _aRU
_bNLR
_c20010608
852 _aNLR
_j2000-7/2201
942 _cBOOK
980 _aNB